• 首页
  • 本馆介绍
  • 公告通知
  • 最新文献
  • 馆藏检索
  • 电子资源
  • 读者导购
  • 参考咨询
  • 我的图书馆
  • 登录
  • 详细信息显示
  • 放入我的书架
  • 预约/预借图书
  • 作者相关作品
  • 分类相关作品
  • 丛书相关作品
  • 出版社相关作品

书目信息

  • 表格格式
  • 工作单格式
  • 卡片格式
题名:
中阿文化交流发展报告
    
 
作者: 王辉 主编
分册: 2018  
出版信息: 北京   社会科学文献出版社·人文分社  2019
页数: 201页
开本: 24cm
丛书名:
单 册:
中图分类: G125 , G137.15
科图分类:
主题词: 文化交流--研究报告--中国--阿拉伯半岛地区--2018
电子资源:
ISBN: 978-7-5201-4288-5
000 01688nam0 2200265 450
001 012001003738
005 20131014104444.0
010    @a978-7-5201-4288-5@dCNY98.00
100    @a20190521d2019 em y0chiy50 ea
101 0  @achi@deng
102    @aCN@b110000
105    @ay z 000yy
106    @ar
200 1  @a中阿文化交流发展报告@Azhong a wen hua jiao liu fa zhan bao gao@h2018@dAnnual report on development of sino-arab cultural communication@h2018@f王辉主编@zeng
210    @a北京@c社会科学文献出版社·人文分社@d2019
215    @a201页@d24cm
314    @a王辉,中国传媒大学语言学及应用语言学专业博士,现为浙江师范大学双龙学者特聘教授,国际文化与教育学院院长,博士生导师。先后出版《语言规划与语言政策:理论与国别研究》、《澳大利亚语言政策研究》等。
330    @a本书以论文集形式出版,结构分为三部分。第一部分为“总报告”,对2017年以来中国与阿拉伯国家文化交流中取得的成果及其特点和面对的问题进行了简要的概括,并认为双方的文化交流不仅有着宽广的发展前景,而且对巩固和加深中国与阿拉伯国家间的纽带具有重大现实意义。第二部分为“专题报告”,包括经贸文化交流报告、科技文化交流报告、文艺交流报告、出版文化交流发展报告、广播影视交流报告、体育文化交流报告、旅游文化交流报告、饮食文化交流报告等。第三部分为“专题报告”,对中阿合作论坛进行了回顾与展望。本书对2017年中阿文化交流发展进行了回顾、总结与展望,并指出了其中存在的问题和提出了对策,对于中阿文化交流发展具有重要的现实指导意义。
510 1  @aAnnual report on development of sino-arab cultural communication@h2018@zeng
606 0  @a文化交流@x研究报告@y中国@y阿拉伯半岛地区@z2018
690    @aG125@v5
690    @aG137.15@v5
701  0 @a王辉@Awang hui@4主编
801    @b江苏凤凰@c20191020
905    @b1233773-8@dG125@e263@f6
    
    中阿文化交流发展报告.2018=Annual report on development of sino-arab cultural communication.2018/王辉主编.-北京:社会科学文献出版社·人文分社,2019
    201页;24cm
    
    
    ISBN 978-7-5201-4288-5:CNY98.00
    本书以论文集形式出版,结构分为三部分。第一部分为“总报告”,对2017年以来中国与阿拉伯国家文化交流中取得的成果及其特点和面对的问题进行了简要的概括,并认为双方的文化交流不仅有着宽广的发展前景,而且对巩固和加深中国与阿拉伯国家间的纽带具有重大现实意义。第二部分为“专题报告”,包括经贸文化交流报告、科技文化交流报告、文艺交流报告、出版文化交流发展报告、广播影视交流报告、体育文化交流报告、旅游文化交流报告、饮食文化交流报告等。第三部分为“专题报告”,对中阿合作论坛进行了回顾与展望。本书对2017年中阿文化交流发展进行了回顾、总结与展望,并指出了其中存在的问题和提出了对策,对于中阿文化交流发展具有重要的现实指导意义。
●
相关链接 在E读中查询图书 在五车中查询图书 在当当中查询图书 在豆瓣中查询图书


正题名:中阿文化交流发展报告     索取号:G125/263         预约/预借

序号 登录号 条形码 馆藏地/架位号 状态 备注
1 1233773   212337737   第一样本阅览室/ [索取号:G125/263] 在馆    
2 1233774   212337746   第四借阅区/ [索取号:G125/263] 在馆    
3 1233775   212337755   第四借阅区/ [索取号:G125/263] 在馆    
4 1233776   212337764   教育系资料室/ [索取号:G125/263] 在馆    
5 1233777   212337773   教育系资料室/ [索取号:G125/263] 在馆    
6 1233778   212337782   教育系资料室/ [索取号:G125/263] 在馆    
唐山师范学院图书馆 欢迎您!
大连网信软件有限公司© 版权所有